Matemática: IV Medio

সংরক্ষণ করুন:
গ্রন্থ-পঞ্জীর বিবরন
প্রধান লেখক: Carreño Campos, Ximena (Author), Cruz Sch., Ximena (Author)
বিন্যাস: গ্রন্থ
ভাষা:স্প্যানিশ
প্রকাশিত: Santiago Arrayán 1986
বিষয়গুলি:
ট্যাগগুলো: ট্যাগ যুক্ত করুন
কোনো ট্যাগ নেই, প্রথমজন হিসাবে ট্যাগ করুন!

MARC

LEADER 00000nam a2200000 a 4500
001 UCS6637
003 CL-VaPUC
008 970926e19860000CL |||||||||||||||||spa|d
082 0 4 |a 510.0712  |b CAR  |2 21 
100 0 |a Carreño Campos, Ximena  |e author  |9 391992 
700 0 |a Cruz Sch., Ximena  |e author  |9 391993 
245 1 0 |a Matemática: IV Medio 
300 |a 222 p 
942 |c BK 
945 |d 19970926 00:00:00  |a rleighto 
260 |a Santiago  |b Arrayán  |c 1986 
650 0 |a Matemática  |9 260235 
650 0 |a Logaritmos  |9 260266 
650 0 |a Números complejos  |9 270335 
650 0 |a Ecuaciones  |9 260137 
650 0 |a Probabilidades   |9 260199 
650 0 |a Estadística   |9 259535 
650 0 |a Matrices   |9 22 
650 7 |a DETERMINANTES  |2 CL-VaPUC  |9 391995 
650 0 |a Matemáticas  |x Enseñanza  |9 875527 
583 |a last modification  |c 19970926 00:00:00  |k Rodrigo Vera 
999 |c 262282  |d 262280 
952 |0 0  |1 0  |4 0  |6 510_071200000000000_CAR_1986  |7 0  |8 A  |9 290555  |a BIBMAT  |b BIBMAT  |c E_DIDACT  |d 2019-11-19  |i 2984326  |o 510.0712 CAR 1986  |p 2984326  |r 2025-01-07  |w 2019-11-19  |y BK  |k MAT 
952 |0 0  |1 0  |4 0  |6 510_071200000000000_CAR_1986  |7 0  |8 A  |9 290556  |a BIBMAT  |b BIBMAT  |c E_DIDACT  |d 2019-11-19  |i 3518388  |o 510.0712 CAR 1986  |p 3518388  |r 2025-01-07  |w 2019-11-19  |y BK  |k MAT